| 000 | 00426nam a22001577a 4500 | ||
|---|---|---|---|
| 020 | _a9780321185587 | ||
| 040 | _cNUST | ||
| 082 |
_a515 _bGIO |
||
| 100 |
_aThomas, George B.; Weir, Maurice D. _9124655 |
||
| 110 |
_a Hass, Joel R.; Giordano, Frank R. _9124656 |
||
| 245 | _aThomas' Calculus | ||
| 250 | _a11th Edition | ||
| 260 |
_aUnited States: _bAddison Wisley, _c2007. |
||
| 650 | _2Thomas' Calculus | ||
| 942 |
_2ddc _cBK |
||
| 999 |
_c610460 _d610460 |
||